000 00431nam a2200181Ia 4500
001 24325
005 20260414151035.0
008 260414t2005||||xx |||||||||||||| ||spa||
041 _aESP
082 _a345.3
_bF43
100 _aFerrer Beltrán, Jordi
_eAUT
245 0 _aPrueba y verdad en el derecho
_b
260 _c2005
300 _a111 páginas :
_c24 cm.
650 _aDER
654 _aCDE
942 _cLIB
_dJUS
_fJUS
_2ddc
_n
999 _c24325
_d24325